LIBRARY & INFORMATION CENTRE, KCAET, TAVANUR

ONLINE PUBLIC ACCESS CATALOGUE (OPAC)

Proceedings of the Silver Jubilee Convention,Indian Society of Agricultural Engineers:vol-2: Soil and Water Engineering (Record no. 5896)

MARC details
000 -LEADER
fixed length control field 00368cam a2200109ua 4500
082 ## - DEWEY DECIMAL CLASSIFICATION NUMBER
Classification number 631.30954
Item number IND/PR
245 ## - TITLE STATEMENT
Title Proceedings of the Silver Jubilee Convention,Indian Society of Agricultural Engineers:vol-2: Soil and Water Engineering
250 ## - EDITION STATEMENT
Edition statement 1 /
260 ## - PUBLICATION, DISTRIBUTION, ETC. (IMPRINT)
Place of publication Newdelhi :
Name of publisher Indian Society of Agricultural Engineers ,
Year of publication 1985.
300 ## - PHYSICAL DESCRIPTION
Number of Pages 496 ; .
942 ## - ADDED ENTRY ELEMENTS (KOHA)
Koha item type Books
Holdings
Withdrawn status Lost status Damaged status Collection code Home library Current library Shelving location Date acquired Full call number Accession Number Koha item type
      Reference KAUAET KAUAET Reference 07/04/2012 631.30954.IND/PR 16540 Reference
free website counter